Statistics for Famous African Cities/Places by Picture

Click here to take the quiz!

General Stats

  • This quiz has been taken 11 times
  • The average score is 9 of 18

Answer Stats

Answer% Correct
Giza
100%
Cape Town
90%
Kilimanjaro
80%
Victoria Falls
70%
Cairo
60%
Johannesburg
60%
Sahara
60%
Casablanca
50%
Kalahari
50%
Marrakesh
50%
Serengeti
50%
Abu Simbel (The Great Temple of Ramesses II)
40%
Windhoek
30%
Accra
20%
Dar es Salaam
20%
Djenné
20%
Gaborone
20%
Algiers
10%

Score Distribution

Percentile by Number Answered

Percent of People with Each Score

Your Score History

You have not taken this quiz